000 00364nam a22001457a 4500
999 _c3288
_d3288
008 200326b ||||| |||| 00| 0 eng d
082 0 0 _a604.2
_bB5755
100 _91437
_aBhatt, N. D.
245 1 0 _aMachine Drawing /
_cby N. D Bhatt
250 _a18th ed.
260 _aAnand
_bCharotar Publications
_c1982
300 _a.
650 0 _aMachine Drawing
942 _cBK